[Event "BSV - Berliner Einzelmeisterschaft 2025 "]
[Site "Berlin, Germany"]
[Date "2025.04.23"]
[Round "5.6"]
[White "Rose, Daniel"]
[Black "Berger, Steve"]
[Result "0-1"]
[WhiteElo "2022"]
[BlackElo "2425"]
[PlyCount "106"]
[GameId "2175546912103646"]
[EventDate "2025.??.??"]

1. d4 d5 2. c4 dxc4 3. e4 Nf6 4. e5 Nd5 5. Bxc4 Nb6 6. Bb3 Nc6 7. Ne2 Bg4 8. f3 Bf5 9. Nbc3 e6 10. Be3 Na5 11. O-O Nxb3 12. Qxb3 a5 13. a4 Bb4 14. Rfd1 c6 15. Ng3 Bg6 16. Nge4 Nd5 17. Bg5 Qb6 18. Nxd5 cxd5 19. Nd6+ Kd7 20. Rac1 Qa6 21. Bf4 h5 22. h4 Rhb8 23. Bd2 Bxd6 24. exd6 Rc8 25. Rc5 b6 26. Rc7+ Rxc7 27. dxc7 Kxc7 28. Bf4+ Kb7 29. Rc1 Rc8 30. Rxc8 Kxc8 31. Qa3 Qa7 32. Qf8+ Kb7 33. Qe8 Qa8 34. Qd7+ Ka6 35. Qb5+ Ka7 36. b4 axb4 37. a5 Qb7 38. Bd6 Bd3 39. Qxd3 bxa5 40. Bc5+ Ka8 41. Qb3 Qb5 42. Kf2 Kb7 43. f4 g6 44. Ke3 Ka6 45. Kf2 a4 46. Qg3 a3 47. f5 Ka5 48. fxe6 fxe6 49. Qc7+ Ka4 50. Bxb4 Kxb4 51. Qd6+ Ka4 52. Qxe6 a2 53. Qe1 Qb2+ 0-1

[Event "BSV - Berliner Einzelmeisterschaft 2025 "]
[Site "Berlin, Germany"]
[Date "2025.04.23"]
[Round "5.7"]
[White "Klenburg, Mikhail"]
[Black "Richter, Michael"]
[Result "1-0"]
[WhiteElo "2338"]
[BlackElo "2402"]
[PlyCount "81"]
[GameId "2175546912103647"]
[EventDate "2025.??.??"]

1. e4 c6 2. d4 d5 3. Nc3 dxe4 4. Nxe4 Nf6 5. Nxf6+ exf6 6. c3 Bd6 7. Bd3 O-O 8. Qc2 Re8+ 9. Ne2 h5 10. Be3 Nd7 11. O-O-O Nf8 12. c4 Be6 13. Kb1 Rc8 14. Nc3 Bb4 15. Ne4 Be7 16. h3 b5 17. Nc5 bxc4 18. Bxc4 Bd5 19. Rhg1 f5 20. Bxd5 Qxd5 21. Qb3 Qd6 22. g4 fxg4 23. hxg4 h4 24. f4 Rb8 25. Qd3 Qd5 26. f5 h3 27. Bf4 Rb4 28. Nb3 h2 29. Rh1 Bh4 30. Rxh2 g5 31. fxg6 Nxg6 32. Bd2 Rb7 33. Rdh1 Bf6 34. Rh5 Qg2 35. g5 Bg7 36. R5h2 Qd5 37. Rf1 Rbe7 38. Qh3 Re4 39. Qh7+ Kf8 40. Bb4+ R8e7 41. Rhf2 1-0

[Event "BSV - Berliner Einzelmeisterschaft 2025 "]
[Site "Berlin, Germany"]
[Date "2025.04.23"]
[Round "5.8"]
[White "Noeldner, Julian"]
[Black "Ahmadinia, Ebrahim"]
[Result "1/2-1/2"]
[WhiteElo "2279"]
[BlackElo "2396"]
[PlyCount "145"]
[GameId "2175546912103648"]
[EventDate "2025.??.??"]

1. e4 c5 2. Nf3 Nc6 3. Bb5 g6 4. O-O Bg7 5. Re1 e5 6. Bxc6 dxc6 7. d3 Qe7 8. Nbd2 Nh6 9. a3 O-O 10. b4 Rd8 11. bxc5 Qxc5 12. a4 Qe7 13. Nc4 f6 14. Qe2 Be6 15. Nfd2 Nf7 16. Ba3 Qc7 17. a5 b6 18. axb6 axb6 19. Reb1 Rab8 20. Bb4 c5 21. Bc3 Nd6 22. Nxd6 Rxd6 23. Nc4 Bxc4 24. dxc4 Rbd8 25. Rd1 Rxd1+ 26. Rxd1 Rxd1+ 27. Qxd1 h5 28. g3 Kh7 29. Qd5 Qc8 30. Kg2 Qe8 31. f4 exf4 32. gxf4 Qa4 33. Qd3 Qc6 34. Kh3 Qc8+ 35. f5 gxf5 36. exf5 Qb7 37. Qe2 Qf7 38. Qe4 Bh6 39. Kg2 Bc1 40. Kf1 Qg7 41. Qe6 Bg5 42. Qe8 Kh6 43. Be1 Qh7 44. Qf8+ Qg7 45. Qe8 Qh7 46. Qe4 Qd7 47. h4 Bc1 48. Ke2 Kg7 49. Qg2+ Kf8 50. Qf3 Qe8+ 51. Kd1 Bb2 52. Bd2 Be5 53. Qd5 Qf7 54. Qe4 Kg7 55. Qe2 Kh7 56. Qf3 Kg7 57. Qe3 Kf8 58. Qh6+ Ke8 59. Qh8+ Kd7 60. Qh6 Kc6 61. Qh8 Kb7 62. Qh6 Ka7 63. Qg6 Qxc4 64. Qh7+ Ka8 65. Qh8+ Kb7 66. Qh7+ Kc6 67. Qxh5 Qf1+ 68. Be1 Qh1 69. Qe8+ Kc7 70. Qe7+ Kc6 71. Qe8+ Kc7 72. Qe7+ Kc6 73. Qe8+ 1/2-1/2

[Event "BSV - Berliner Einzelmeisterschaft 2025 "]
[Site "Berlin, Germany"]
[Date "2025.04.23"]
[Round "5.9"]
[White "Verbitsky, Jaroslaw"]
[Black "Jahnz, Fabian"]
[Result "1/2-1/2"]
[WhiteElo "2065"]
[BlackElo "2242"]
[PlyCount "78"]
[GameId "2175546912103649"]
[EventDate "2025.??.??"]

1. e4 c5 2. Nf3 Nc6 3. Bb5 e6 4. O-O Nge7 5. d4 cxd4 6. Nxd4 Qb6 7. Nxc6 bxc6 8. Bd3 Ng6 9. c4 Be7 10. Nc3 e5 11. Rb1 O-O 12. Be3 Qc7 13. b4 d6 14. b5 Kh8 15. bxc6 Qxc6 16. Nd5 f5 17. exf5 Bxf5 18. Bxf5 Rxf5 19. Qd3 Rf7 20. Rb4 Bf8 21. Rfb1 Rc8 22. Qa3 Ne7 23. Qxa7 Nxd5 24. Qxf7 Nxb4 25. Rxb4 d5 26. Rb7 Qxc4 27. h3 d4 28. Qxc4 Rxc4 29. Bg5 Kg8 30. Be7 Bxe7 31. Rxe7 d3 32. Rd7 Rc1+ 33. Kh2 e4 34. Kg3 Ra1 35. Rd4 g5 36. h4 gxh4+ 37. Kf4 Rxa2 38. Kxe4 Rxf2 39. Kxd3 Rxg2 1/2-1/2

[Event "BSV - Berliner Einzelmeisterschaft 2025 "]
[Site "Berlin, Germany"]
[Date "2025.04.23"]
[Round "5.10"]
[White "Matviienko, Mykhailo"]
[Black "Pererva, Viktor"]
[Result "1-0"]
[WhiteElo "2158"]
[BlackElo "2017"]
[PlyCount "79"]
[GameId "2175546912103650"]
[EventDate "2025.??.??"]

1. c4 e6 2. g3 d5 3. Bg2 dxc4 4. Qa4+ c6 5. Qxc4 b5 6. Qc2 Bb7 7. b3 Nf6 8. Bb2 Be7 9. Nc3 Qb6 10. Rc1 c5 11. Nf3 Nbd7 12. O-O O-O 13. d3 Rac8 14. Qb1 h6 15. Nd1 Rfd8 16. Ne3 Ne8 17. Ng4 h5 18. Ne3 Bf6 19. h3 Ba8 20. Rc2 Bxb2 21. Qxb2 Nef6 22. Ne5 Bxg2 23. Kxg2 Nd5 24. Nxd5 exd5 25. Nxd7 Rxd7 26. Qe5 h4 27. gxh4 Qe6 28. Qxe6 fxe6 29. Rfc1 Rdc7 30. f4 Kf7 31. Kf3 Kf6 32. e4 Rc6 33. h5 a6 34. Rg2 Rh8 35. Rg6+ Kf7 36. exd5 Rd6 37. dxe6+ Ke7 38. Rxc5 Rxd3+ 39. Kg4 Rd2 40. Rc7+ 1-0

[Event "BSV - Berliner Einzelmeisterschaft 2025 "]
[Site "Berlin, Germany"]
[Date "2025.04.23"]
[Round "5.11"]
[White "Krefenstein, Sergej"]
[Black "Niehaus, Frank"]
[Result "1/2-1/2"]
[WhiteElo "2013"]
[BlackElo "2126"]
[PlyCount "89"]
[GameId "2175546912103651"]
[EventDate "2025.??.??"]

1. e4 c5 2. Nf3 d6 3. d4 cxd4 4. Nxd4 Nf6 5. Nc3 g6 6. Be3 Bg7 7. f3 a6 8. Qd2 h5 9. O-O-O b5 10. Nd5 Bb7 11. Nb6 Qxb6 12. Ne6 Qc6 13. Nxg7+ Kf8 14. Bh6 Ng8 15. Ne6+ Ke8 16. Nd4 Qc7 17. Bg5 Nd7 18. Kb1 Rc8 19. Bd3 Nc5 20. h3 Kf8 21. c3 Nxd3 22. Qxd3 Qc5 23. h4 Kg7 24. Nb3 Qc4 25. Qe3 Nf6 26. Na5 Qc7 27. Nxb7 Qxb7 28. Bxf6+ Kxf6 29. Qd4+ Ke6 30. f4 Qc6 31. f5+ gxf5 32. exf5+ Kd7 33. Rhe1 Rhg8 34. Qe5 Rce8 35. f6 e6 36. Qxh5 Ref8 37. Re2 Rg6 38. Qe5 Kc7 39. Qf4 Rfg8 40. Red2 e5 41. Qf5 Rxg2 42. Qh7 Rxd2 43. Rxd2 Rg1+ 44. Kc2 Qc4 45. b3 1/2-1/2

[Event "BSV - Berliner Einzelmeisterschaft 2025 "]
[Site "Berlin, Germany"]
[Date "2025.04.23"]
[Round "5.12"]
[White "Foerster, Jonas"]
[Black "Heerde, Thomas"]
[Result "0-1"]
[WhiteElo "2266"]
[BlackElo "1983"]
[PlyCount "118"]
[GameId "2175546912103652"]
[EventDate "2025.??.??"]

1. d4 Nf6 2. c4 c5 3. d5 b5 4. Nf3 Bb7 5. g3 e6 6. dxe6 fxe6 7. cxb5 d5 8. Bg2 Qa5+ 9. Bd2 Qxb5 10. Nc3 Qb6 11. O-O Nbd7 12. Bf4 Be7 13. e4 d4 14. Na4 Qa6 15. e5 Nd5 16. Bg5 O-O 17. Bxe7 Nxe7 18. b3 Rf5 19. Rc1 Raf8 20. Nh4 Rxe5 21. f4 Bxg2 22. Nxg2 Rd5 23. Qd2 Nf5 24. Rfe1 g6 25. g4 Ng7 26. Rf1 Ne8 27. f5 exf5 28. Nf4 Re5 29. Nd3 Re4 30. h3 Qd6 31. Qh2 Qxh2+ 32. Kxh2 fxg4 33. Rxf8+ Kxf8 34. hxg4 Rxg4 35. Naxc5 Nxc5 36. Rxc5 Re4 37. Nb4 h5 38. Ra5 Re7 39. Rd5 Re4 40. Kg3 Nf6 41. Rd8+ Kf7 42. Nc6 Re2 43. Rxd4 Rxa2 44. Ne5+ Kg7 45. Rb4 g5 46. Rb7+ Kh6 47. Rf7 Ra6 48. Rc7 Ra5 49. Nf3 h4+ 50. Nxh4 gxh4+ 51. Kxh4 Kg6 52. Kg3 Ra3 53. Rb7 Kf5 54. Kf3 Nd5 55. Ke2 Ke4 56. Kd2 Ra2+ 57. Kc1 Kd3 58. Rd7 Kc3 59. Kb1 Ra5 0-1

[Event "BSV - Berliner Einzelmeisterschaft 2025 "]
[Site "Berlin, Germany"]
[Date "2025.04.23"]
[Round "5.13"]
[White "Nogly, Christoph"]
[Black "Matthes, Aaron"]
[Result "1-0"]
[WhiteElo "2203"]
[BlackElo "2253"]
[PlyCount "79"]
[GameId "2175546912103653"]
[EventDate "2025.??.??"]

1. Nf3 d5 2. g3 Nf6 3. Bg2 e6 4. O-O Be7 5. c4 O-O 6. d4 dxc4 7. Qc2 b6 8. Ne5 Qxd4 9. Nxf7 Kxf7 10. Bxa8 c6 11. Nd2 e5 12. Nf3 Qd6 13. Ng5+ Kg8 14. Rd1 Qb4 15. Bd2 Qb5 16. a4 Qb3 17. Qxb3 cxb3 18. a5 Ng4 19. f3 Bc5+ 20. Kg2 Nf2 21. Rdc1 h6 22. Rxc5 bxc5 23. Kxf2 hxg5 24. Bxg5 c4 25. Ke1 Ba6 26. Be3 Rc8 27. Rd1 c3 28. bxc3 b2 29. Bxa7 Nd7 30. Bxc6 Rxc6 31. Rb1 Rxc3 32. Rxb2 Ra3 33. Bb6 Kf7 34. Kf2 Ke6 35. h4 Nf6 36. Rc2 Nd5 37. Rc6+ Kd7 38. Rc2 Nc3 39. h5 Ke6 40. g4 1-0

[Event "BSV - Berliner Einzelmeisterschaft 2025 "]
[Site "Berlin, Germany"]
[Date "2025.04.23"]
[Round "5.14"]
[White "Brustkern, Juergen"]
[Black "Caglar, Ertan"]
[Result "1/2-1/2"]
[WhiteElo "2093"]
[BlackElo "1836"]
[PlyCount "39"]
[GameId "2175546912103654"]
[EventDate "2025.??.??"]

1. b3 d5 2. Bb2 Bf5 3. d3 e6 4. Nd2 Nf6 5. g3 Nbd7 6. Bg2 c6 7. Ngf3 Qc7 8. O-O Be7 9. Re1 O-O 10. e4 dxe4 11. dxe4 Bg6 12. Qe2 Rfd8 13. h3 b5 14. a4 a6 15. Ra2 Bb4 16. Rea1 Rab8 17. axb5 axb5 18. Ra7 Rb7 19. R7a6 Nc5 20. Bxf6 1/2-1/2

[Event "BSV - Berliner Einzelmeisterschaft 2025 "]
[Site "Berlin, Germany"]
[Date "2025.04.23"]
[Round "5.15"]
[White "Vollmar, Timo"]
[Black "Kreutz, Jonas"]
[Result "1-0"]
[WhiteElo "1882"]
[BlackElo "2107"]
[PlyCount "75"]
[GameId "2175546912103655"]
[EventDate "2025.??.??"]

1. e4 c5 2. Nf3 d6 3. d4 cxd4 4. Nxd4 Nf6 5. Nc3 a6 6. Be3 e5 7. Nf3 Be7 8. Bc4 Be6 9. Bxe6 fxe6 10. Ng5 Qd7 11. Qf3 Nc6 12. Qh3 Nd8 13. O-O-O O-O 14. f4 h6 15. fxe5 hxg5 16. exd6 Nf7 17. dxe7 Qxe7 18. Rhe1 Rac8 19. Bg1 Ne5 20. Nb1 Rc6 21. Qg3 Qc7 22. Na3 b5 23. Bd4 Nfd7 24. c3 b4 25. Nc2 Qa5 26. Kb1 bxc3 27. Bxc3 Qc7 28. Nb4 Rd6 29. Rxd6 Qxd6 30. Qxg5 a5 31. Nc2 Rf6 32. h4 Rg6 33. Qd8+ Kh7 34. Bxe5 Qd2 35. Bc3 Qd3 36. Qxa5 Rxg2 37. Qh5+ Kg8 38. Qd1 1-0

[Event "BSV - Berliner Einzelmeisterschaft 2025 "]
[Site "Berlin, Germany"]
[Date "2025.04.23"]
[Round "5.1"]
[White "Boettcher, Patrick"]
[Black "Weber, Daniel"]
[Result "1-0"]
[WhiteElo "2051"]
[BlackElo "2178"]
[PlyCount "91"]
[GameId "2175546912103657"]
[EventDate "2025.??.??"]

1. d4 Nf6 2. c4 g6 3. Nc3 Bg7 4. e4 d6 5. Be2 O-O 6. Nf3 e5 7. d5 a5 8. Bg5 h6 9. Bh4 g5 10. Bg3 Nh5 11. h4 g4 12. Nd2 Nxg3 13. fxg3 h5 14. Bd3 c6 15. Qe2 Qb6 16. O-O-O a4 17. a3 Bh6 18. Bc2 cxd5 19. Nxd5 Qd8 20. Rhf1 f6 21. Qf2 Nc6 22. Nb6 Ra6 23. Nxa4 f5 24. Qe1 Nd4 25. Nc3 Be6 26. Kb1 Qb6 27. exf5 Rxa3 28. fxe6 Ra1+ 29. Kxa1 Nxc2+ 30. Kb1 Nxe1 31. e7 Ra8 32. Nde4 Qa6 33. Rfxe1 Bg7 34. Nxd6 Kh7 35. e8=Q Rxe8 36. Nxe8 Qg6+ 37. Ne4 Qxe8 38. Ng5+ Kg8 39. Rd6 Bf8 40. Re6 Qc8 41. b3 Qd7 42. Kc2 Qd4 43. Rf1 e4 44. Rxe4 Qd7 45. Re6 Qd4 46. Re8 1-0

[Event "BSV - Berliner Einzelmeisterschaft 2025 "]
[Site "Berlin, Germany"]
[Date "2025.04.24"]
[Round "6.1"]
[White "Vavulin, Maxim"]
[Black "Bueyuekasik, Diyap"]
[Result "1-0"]
[WhiteElo "2527"]
[BlackElo "2236"]
[PlyCount "77"]
[GameId "2170577026543702"]
[EventDate "2025.??.??"]
[TimeControl "40/6600:1800+30"]

1. e4 c5 2. Nf3 d6 3. d4 cxd4 4. Nxd4 Nf6 5. Nc3 e6 6. Be3 Be7 7. g4 h6 8. h4 Nc6 9. Rg1 d5 10. Bb5 Bd7 11. exd5 Nxd5 12. Nxd5 exd5 13. g5 hxg5 14. hxg5 Rh4 15. Be2 Nxd4 16. Bxd4 g6 17. Qd2 Rc8 18. Bg7 Qb6 19. O-O-O Qxf2 20. Qxd5 Qf5 21. Qxf5 gxf5 22. Bd3 a6 23. Rde1 Be6 24. g6 Rc6 25. Bc3 Kf8 26. Bxf5 Bc5 27. Rgf1 Kg8 28. Bxe6 fxe6 29. Rf6 Bd4 30. Bxd4 Rxd4 31. Rfxe6 Rdd6 32. Rxd6 Rxd6 33. Re8+ Kg7 34. Re7+ Kxg6 35. Rxb7 Kf5 36. a4 Ke4 37. a5 Rd5 38. b4 Kd4 39. Rc7 1-0

[Event "BSV - Berliner Einzelmeisterschaft 2025 "]
[Site "Berlin, Germany"]
[Date "2025.04.24"]
[Round "6.2"]
[White "Czernek, Tymon"]
[Black "Polzin, Rainer"]
[Result "1-0"]
[WhiteElo "2374"]
[BlackElo "2401"]
[PlyCount "159"]
[GameId "2170577026543692"]
[EventDate "2025.??.??"]
[TimeControl "40/6600:1800+30"]

1. e4 c6 2. d4 d5 3. e5 Bf5 4. h4 h6 5. g4 Be4 6. f3 Bh7 7. e6 Nf6 8. Nc3 Qd6 9. exf7+ Kxf7 10. Be3 Nbd7 11. Qd2 e5 12. O-O-O Re8 13. Be2 b5 14. g5 Nh5 15. dxe5 Qxe5 16. Bd4 Qf4 17. gxh6 Bf5 18. hxg7 Bxg7 19. Bxg7 Kxg7 20. Bd3 Bxd3 21. cxd3 Ne5 22. Kc2 Qxd2+ 23. Rxd2 Rhf8 24. Rh3 Ng6 25. Nce2 c5 26. Rh2 b4 27. Rg2 Kh6 28. Rg5 Ngf4 29. Nc1 Rf6 30. Nge2 Re3 31. Nxf4 Nxf4 32. Nb3 c4 33. dxc4 dxc4 34. Nd4 b3+ 35. axb3 cxb3+ 36. Kd1 Rd3 37. Rb5 Rb6 38. Rf5 Rxd2+ 39. Kxd2 Ng2 40. Ra5 a6 41. Nf5+ Kh7 42. Kc3 Ne1 43. Nd4 Rf6 44. Rh5+ Kg6 45. Rg5+ Kf7 46. Rg3 Rf4 47. h5 Nc2 48. Nxb3 Ne3 49. Nd2 Nd5+ 50. Kc2 Rh4 51. Rg5 Nf6 52. Ra5 Rxh5 53. Rxa6 Nd5 54. Ra7+ Ke6 55. Kd3 Rh2 56. Nc4 Rf2 57. Ra6+ Kf5 58. Ra5 Ke6 59. Kd4 Nb4 60. Re5+ Kd7 61. Rb5 Nc2+ 62. Ke4 Kc6 63. Rh5 Re2+ 64. Kd3 Rf2 65. Rf5 Ne1+ 66. Kd4 Kc7 67. Rf7+ Kd8 68. f4 Ng2 69. f5 Nh4 70. Ke5 Rc2 71. Kd5 Ke8 72. Nd6+ Kd8 73. b4 Rd2+ 74. Kc5 Rc2+ 75. Kb6 Rd2 76. Nc4 Rd7 77. Rxd7+ Kxd7 78. Ne3 Kd6 79. b5 Nf3 80. Ka7 1-0

[Event "BSV - Berliner Einzelmeisterschaft 2025 "]
[Site "Berlin, Germany"]
[Date "2025.04.24"]
[Round "6.3"]
[White "Berger, Steve"]
[Black "Florstedt, Johannes"]
[Result "0-1"]
[WhiteElo "2425"]
[BlackElo "2382"]
[PlyCount "68"]
[GameId "2170577026543699"]
[EventDate "2025.??.??"]
[TimeControl "40/6600:1800+30"]

1. e4 c5 2. Nf3 d6 3. d4 cxd4 4. Nxd4 Nf6 5. Nc3 a6 6. Bd3 g6 7. f3 Qb6 8. a3 Nbd7 9. Be3 e5 10. Nf5 Nc5 11. Bg5 Qxb2 12. O-O Qxc3 13. Bxf6 Rg8 14. Ng3 Be7 15. Bxe7 Kxe7 16. f4 Ne6 17. f5 Nf4 18. Qg4 g5 19. Nh5 Bd7 20. Nxf4 exf4 21. e5 dxe5 22. f6+ Kd8 23. Qh5 Be6 24. Bxh7 Rh8 25. Qxg5 Kc7 26. Qg7 Rad8 27. Rab1 Qxa3 28. Rfe1 Qc5+ 29. Kh1 b5 30. Ra1 Kb6 31. h3 Qd4 32. Rad1 Qf2 33. Rf1 Qe2 34. Bd3 Qh5 0-1

[Event "BSV - Berliner Einzelmeisterschaft 2025 "]
[Site "Berlin, Germany"]
[Date "2025.04.24"]
[Round "6.4"]
[White "Matviienko, Mykhailo"]
[Black "Poltorak, Sebastian"]
[Result "1-0"]
[WhiteElo "2158"]
[BlackElo "2417"]
[PlyCount "125"]
[GameId "2170577026543693"]
[EventDate "2025.??.??"]
[TimeControl "40/6600:1800+30"]

1. c4 c5 2. Nf3 Nc6 3. Nc3 e5 4. g3 g6 5. Bg2 Bg7 6. d3 d6 7. Rb1 Nge7 8. a3 a5 9. O-O O-O 10. Ne1 Be6 11. Nc2 d5 12. cxd5 Nxd5 13. Ne4 Qb6 14. Bd2 f6 15. Ne3 Nxe3 16. Bxe3 Nd4 17. Bxd4 cxd4 18. b4 axb4 19. axb4 Rfd8 20. Nc5 Bd5 21. Bxd5+ Rxd5 22. Qb3 Rad8 23. Rfc1 Bf8 24. Na4 Qe6 25. b5 Qf7 26. Nb6 Rc5 27. Nc4 Bh6 28. Rc2 f5 29. Ra2 Qd5 30. b6 Rdc8 31. Ra5 Bf8 32. Rba1 Kg7 33. Rxc5 Rxc5 34. Rb1 e4 35. Qa4 Kf7 36. Qa8 h5 37. Qb8 h4 38. gxh4 Kg8 39. Qg3 Kh7 40. f3 Qe6 41. Kh1 Be7 42. Rg1 Rc8 43. h5 g5 44. fxe4 fxe4 45. Qg4 Qd5 46. Qg2 Qe6 47. Nd2 exd3 48. exd3 Rc2 49. Qe4+ Qxe4+ 50. Nxe4 Kh6 51. Rf1 Kxh5 52. Rf7 Bd8 53. Rxb7 Rb2 54. Rd7 Bxb6 55. Rd5 Kg4 56. Rxg5+ Kf4 57. Rg3 Bc7 58. Kg1 Re2 59. Nf2 Kf5 60. Rf3+ Kg5 61. Kg2 Ra2 62. Rf7 Bf4 63. h4+ 1-0

[Event "BSV - Berliner Einzelmeisterschaft 2025 "]
[Site "Berlin, Germany"]
[Date "2025.04.24"]
[Round "6.5"]
[White "Ermitsch, Magnus"]
[Black "Klenburg, Mikhail"]
[Result "1/2-1/2"]
[WhiteElo "2401"]
[BlackElo "2338"]
[PlyCount "82"]
[GameId "2170577026543704"]
[EventDate "2025.??.??"]
[TimeControl "40/6600:1800+30"]

1. e4 c6 2. d4 d5 3. e5 Bf5 4. Nd2 e6 5. Nb3 Nd7 6. Ne2 Ne7 7. Ng3 Bg6 8. Be2 Nf5 9. Nh5 Bxh5 10. Bxh5 c5 11. dxc5 Nxc5 12. O-O Nxb3 13. axb3 Ne7 14. Be2 Nc6 15. f4 Bc5+ 16. Kh1 O-O 17. c3 a5 18. Bd3 g6 19. Bd2 Qb6 20. Qc2 Be3 21. Bxe3 Qxe3 22. Rae1 Qc5 23. Qd2 Rfd8 24. f5 exf5 25. Bxf5 Qe7 26. Bh3 Nxe5 27. g3 Ra6 28. Bg2 Rad6 29. c4 dxc4 30. Qxa5 f6 31. bxc4 Kg7 32. Bd5 Qd7 33. Qc3 Re8 34. b4 Rxd5 35. cxd5 Qxd5+ 36. Kg1 Nf3+ 37. Rxf3 Rxe1+ 38. Qxe1 Qxf3 39. Qe7+ Kh6 40. Qd6 Qc6 41. Qe7 Qf3 1/2-1/2

[Event "BSV - Berliner Einzelmeisterschaft 2025 "]
[Site "Berlin, Germany"]
[Date "2025.04.24"]
[Round "6.6"]
[White "Heerde, Thomas"]
[Black "Hesse, Henrik"]
[Result "0-1"]
[WhiteElo "1983"]
[BlackElo "2252"]
[PlyCount "98"]
[GameId "2170577026543700"]
[EventDate "2025.??.??"]
[TimeControl "40/6600:1800+30"]

1. e4 g6 2. d4 Bg7 3. Nf3 d6 4. Be3 Nf6 5. Nc3 O-O 6. Be2 Nbd7 7. O-O c6 8. Qd2 b5 9. a3 Bb7 10. Bh6 Qc7 11. Rad1 a6 12. Rfe1 Rad8 13. Bf1 e5 14. Bxg7 Kxg7 15. dxe5 Nxe5 16. Nxe5 dxe5 17. Qe3 c5 18. Nd5 Nxd5 19. exd5 Bxd5 20. Qxe5+ Qxe5 21. Rxe5 Be6 22. Ree1 c4 23. f3 Bf5 24. c3 Bc2 25. Rxd8 Rxd8 26. Kf2 g5 27. Be2 f5 28. Rc1 Bb3 29. Ke1 Kf6 30. Bd1 Bxd1 31. Rxd1 Rxd1+ 32. Kxd1 g4 33. Ke2 Ke5 34. Ke3 h6 35. Kf2 Kf4 36. g3+ Ke5 37. Ke2 f4 38. gxf4+ Kxf4 39. fxg4 Kxg4 40. Kf2 Kf4 41. Kg2 Ke3 42. Kg3 Kd2 43. Kg4 Kc2 44. Kh5 Kxb2 45. Kxh6 Kxc3 46. h4 Kb3 47. Kg6 c3 48. h5 c2 49. h6 c1=Q 0-1

[Event "BSV - Berliner Einzelmeisterschaft 2025 "]
[Site "Berlin, Germany"]
[Date "2025.04.24"]
[Round "6.7"]
[White "Jahnz, Laurin"]
[Black "Yatskar, Martin"]
[Result "1/2-1/2"]
[WhiteElo "2192"]
[BlackElo "2169"]
[PlyCount "117"]
[GameId "2170577026543701"]
[EventDate "2025.??.??"]
[TimeControl "40/6600:1800+30"]

1. e4 e5 2. Nf3 Nc6 3. Bc4 Nf6 4. d3 Bc5 5. a4 d6 6. O-O O-O 7. Be3 Bxe3 8. fxe3 Be6 9. Nbd2 a6 10. a5 Qe7 11. Qe1 d5 12. exd5 Nxd5 13. e4 Ndb4 14. Qd1 Rad8 15. Bxe6 Qxe6 16. Nc4 f6 17. Qe2 b5 18. axb6 cxb6 19. Ne3 Nd4 20. Nxd4 exd4 21. Nf5 g6 22. Ng3 Rc8 23. Rac1 a5 24. Qf2 Qe5 25. Qd2 Qg5 26. Rfd1 Qc5 27. Qf2 Qd6 28. Rd2 Rfd8 29. Rf1 Rc6 30. Re2 Qe5 31. Rd2 Kg7 32. Rc1 Qg5 33. Rcd1 Qe3 34. Qxe3 dxe3 35. Re2 Nxc2 36. Nf1 Nb4 37. Rxe3 Rcd6 38. e5 fxe5 39. Rxe5 Rxd3 40. Rde1 R8d7 41. Rb5 R3d6 42. Ne3 Rc6 43. Re2 Rd3 44. h3 h5 45. h4 Rd4 46. g4 Re4 47. gxh5 Rxh4 48. hxg6 Rxg6+ 49. Rg2 Rxg2+ 50. Kxg2 Re4 51. Kf3 Re6 52. Nc4 Rf6+ 53. Ke3 Rc6 54. Nxb6 Rxb6 55. Rxb6 Nd5+ 56. Kd4 Nxb6 57. Kc5 Na4+ 58. Kb5 Nxb2 59. Kxa5 1/2-1/2

[Event "BSV - Berliner Einzelmeisterschaft 2025 "]
[Site "Berlin, Germany"]
[Date "2025.04.24"]
[Round "6.8"]
[White "Ahmadinia, Ebrahim"]
[Black "Verbitsky, Jaroslaw"]
[Result "1-0"]
[WhiteElo "2396"]
[BlackElo "2065"]
[PlyCount "67"]
[GameId "2170577026543690"]
[EventDate "2025.??.??"]
[TimeControl "40/6600:1800+30"]

1. e4 c6 2. d4 d5 3. e5 Bf5 4. Bd3 Bxd3 5. Qxd3 Qa5+ 6. c3 Qa6 7. Qd1 e6 8. Ne2 c5 9. O-O h5 10. Nd2 Nc6 11. Nf3 Nh6 12. Ng3 g6 13. Bg5 Bg7 14. Re1 Qb6 15. Qd2 cxd4 16. cxd4 Ne7 17. Rac1 Nhf5 18. Rc3 Kd7 19. Rb3 Qa6 20. Ne2 Nc6 21. Ra3 Qb6 22. Rd1 a5 23. h3 Qa6 24. Rc3 b5 25. g4 hxg4 26. hxg4 Nfe7 27. Qf4 b4 28. Rc2 Rhf8 29. Bf6 Bxf6 30. exf6 g5 31. Qg3 Ng6 32. Nc1 Nf4 33. Nxg5 Ng6 34. Nd3 1-0

[Event "BSV - Berliner Einzelmeisterschaft 2025 "]
[Site "Berlin, Germany"]
[Date "2025.04.24"]
[Round "6.9"]
[White "Krefenstein, Sergej"]
[Black "Nogly, Christoph"]
[Result "1-0"]
[WhiteElo "2013"]
[BlackElo "2203"]
[PlyCount "95"]
[GameId "2170577026543697"]
[EventDate "2025.??.??"]
[TimeControl "40/6600:1800+30"]

1. e4 e5 2. Nf3 Nc6 3. Bb5 a6 4. Ba4 Nf6 5. O-O d6 6. Re1 Bd7 7. c3 g6 8. d3 Bg7 9. Nbd2 O-O 10. Nf1 h6 11. b4 Re8 12. Bb3 Be6 13. Bd2 d5 14. Ng3 Kh7 15. Qe2 Qd7 16. Rad1 Rad8 17. Bc1 d4 18. Bxe6 Qxe6 19. cxd4 Nxd4 20. Nxd4 Rxd4 21. a3 Red8 22. Bb2 R4d7 23. Qc2 Ne8 24. Ne2 Qb6 25. Nc3 c6 26. Na4 Qa7 27. Nc5 Rd6 28. Qc4 b6 29. Nb3 Kg8 30. a4 Nc7 31. a5 Ne6 32. g3 b5 33. Qc2 Qd7 34. Re3 h5 35. Nc5 Nxc5 36. Qxc5 f6 37. Rf3 h4 38. d4 exd4 39. Rfd3 hxg3 40. hxg3 f5 41. exf5 Rd5 42. Qb6 Rxf5 43. Qxa6 Qd5 44. Rxd4 Bxd4 45. Rxd4 Qxd4 46. Bxd4 Rxd4 47. Qxc6 Kh7 48. a6 1-0

[Event "BSV - Berliner Einzelmeisterschaft 2025 "]
[Site "Berlin, Germany"]
[Date "2025.04.24"]
[Round "6.10"]
[White "Niehaus, Frank"]
[Black "Rose, Daniel"]
[Result "1/2-1/2"]
[WhiteElo "2126"]
[BlackElo "2022"]
[PlyCount "46"]
[GameId "2170577026543694"]
[EventDate "2025.??.??"]
[TimeControl "40/6600:1800+30"]

1. d4 Nf6 2. Bg5 d5 3. Bxf6 gxf6 4. c4 c6 5. e3 e6 6. Nc3 Nd7 7. Nf3 f5 8. Qc2 dxc4 9. Bxc4 Nb6 10. Bb3 Nd5 11. Nxd5 cxd5 12. Ba4+ Bd7 13. Bxd7+ Qxd7 14. O-O Bd6 15. Rac1 O-O 16. Qd2 f6 17. Rc2 Kh8 18. Rfc1 Qg7 19. g3 Rg8 20. Ne1 Qh6 21. Ng2 Qg7 22. Qe2 Qd7 23. Qf3 Rac8 1/2-1/2

[Event "BSV - Berliner Einzelmeisterschaft 2025 "]
[Site "Berlin, Germany"]
[Date "2025.04.24"]
[Round "6.11"]
[White "Richter, Michael"]
[Black "Brustkern, Juergen"]
[Result "1/2-1/2"]
[WhiteElo "2402"]
[BlackElo "2093"]
[PlyCount "116"]
[GameId "2170577026543705"]
[EventDate "2025.??.??"]
[TimeControl "40/6600:1800+30"]

1. e4 e5 2. Nf3 Nc6 3. d4 exd4 4. Bc4 Nf6 5. e5 Ne4 6. Bd5 Nc5 7. O-O Ne6 8. Re1 Be7 9. Nbd2 d6 10. exd6 Qxd6 11. c4 dxc3 12. Ne4 Qd8 13. bxc3 O-O 14. Be3 Bd6 15. Qd2 Ne5 16. Nxd6 Nxf3+ 17. Bxf3 cxd6 18. Rad1 Qa5 19. c4 Qa4 20. Qc3 Bd7 21. Rxd6 Bc6 22. Bd1 Qxa2 23. Bg4 Rad8 24. Rxd8 Rxd8 25. Ra1 Rd3 26. Qxg7+ Kxg7 27. Rxa2 a6 28. h4 Rb3 29. Ra5 Rb4 30. Be2 Rb3 31. Kh2 Be4 32. h5 h6 33. Bg4 Rb4 34. Be2 Rb3 35. c5 Rb2 36. Bc4 Rb4 37. Ba2 Rb5 38. Rxb5 axb5 39. Bb3 Nc7 40. Kg3 Bc6 41. f3 Ne6 42. Kf2 Nc7 43. Bd4+ f6 44. g4 b4 45. f4 Nb5 46. Ke3 Bf3 47. Be6 b3 48. Bb2 Nc7 49. Bc8 Bc6 50. Kd4 Nd5 51. Be6 Nxf4 52. Bxb3 Bd7 53. Bd1 Bc6 54. Bb3 Bd7 55. Ke4 Ne6 56. Ba3 Nxc5+ 57. Bxc5 Bxg4 58. Bd4 Bxh5 1/2-1/2